Derecho humano a la salud: fundamento y construcción = Human right to health: foundation and contruction /
Se describe el desarrollo histórico del Derecho Humano a la Salud, el cual se sostiene a partir del análisis de los tres rasgos fundamentales de los Derechos Humanos: el carácter absoluto, la universalidad y la inalienabilidad. También se describen los convenios internacionales que protegen a este d...
Sábháilte in:
| Príomhchruthaitheoir: | |
|---|---|
| Formáid: | Téacs |
| Ábhair: | |
| Rochtain ar líne: | javiernicoletti@gmail.com |
| Clibeanna: |
Cuir clib leis
Níl clibeanna ann, Bí ar an gcéad duine le clib a chur leis an taifead seo!
|
MARC
| LEADER | 00000 a a2200000 04500 | ||
|---|---|---|---|
| 001 | 39980 | ||
| 003 | |||
| 040 | |||
| 100 | |a Nicoletti, Javier Augusto | ||
| 245 | |a Derecho humano a la salud: fundamento y construcción = |b Human right to health: foundation and contruction / |c Javier Augusto Nicoletti | ||
| 520 | |a Se describe el desarrollo histórico del Derecho Humano a la Salud, el cual se sostiene a partir del análisis de los tres rasgos fundamentales de los Derechos Humanos: el carácter absoluto, la universalidad y la inalienabilidad. También se describen los convenios internacionales que protegen a este derecho. | ||
| 590 | |a EFU/AGOSTO2010 | ||
| 650 | |a 1.DERECHOS HUMANOS | ||
| 650 | |a 2.SALUD | ||
| 650 | |a 3.DERECHO INTERNACIONAL | ||
| 650 | |a 4.CONVENIOS | ||
| 650 | |a 5.ARGENTINA | ||
| 773 | |g número120 ( , 2008), páginas 49-57 | ||
| 856 | |u javiernicoletti@gmail.com | ||
| 999 | |c 30281 |d 30281 | ||
| 773 | 0 | |0 18728 |9 3024 |a Universidad de Costa Rica |d San José, Costa Rica Editorial UCR 1956- |o 07868 |t Revista de Ciencias Sociales/ |x 04825276 | |
